Szczegóły MARC21

Leksykon marketingu /

003 -Nazwa inst., której nr kontr. jest w polu 001 [,]
    • @
    • Nazwa instytucji, której n kontrolny jest w polu 001
    • NUKAT
005 -DATA I CZAS OSTATNIEJ MODYFIKACJI [,]
    • @
    • pole kontrolne
    • 20241231101550.0
020 -Międzynarod. znormalizowany nr książki - ISBN [ , ]
    • a
    • Numer ISBN
    • 9788325501969 Find
040 -Instytucja sporządzająca opis [ , ]
    • a
    • Instytucja, która sporządziła opis (NP)
    • KR 197/RA
    • c
    • Instytucja, która sporządziła rekord (NP)
    • KR 197/RA
    • d
    • Instytucja, która zmodyfikowała rekord (P)
    • KR 197/RA
    • d
    • Instytucja, która zmodyfikowała rekord (P)
    • KR 197/RRs
942 -Rodzaj dokumentu [ , ]
    • c
    • Rodzaj dokumentu
    • Książka
100 -Hasło główne - nazwa osobowa [1, ]
    • a
    • Nazwa osobowa (NP)
    • Kienzler, Iwona
    • d
    • Daty biograficzne (NP)
    • (1956- ).
    • 9
    • KHW
    • 9848
245 -Strefa tytułu i oznaczenia odpowiedzialności [1,0]
    • a
    • Tytuł
    • Leksykon marketingu / Find
    • c
    • Pozostałe elementy strefy tytułu i oznaczenia odpowiedzialności (NP)
    • Iwona Kienzler.
260 -Strefa adresu wydawniczego [ , ]
    • a
    • Miejsce wydania (P)
    • Warszawa :
    • b
    • Nazwa wydawcy (P)
    • Wydawnictwo C. H. Beck,
    • c
    • Data wydania (P)
    • 2008.
300 -Strefa opisu fizycznego [ , ]
    • a
    • Określenie formy książki i/lub objętość (NP)
    • 264 s. ;
    • c
    • Format (NP)
    • 20 cm.
336 -Typ zawartości [ , ]
    • a
    • Termin opisujący typ zawartości
    • Tekst
    • b
    • Kod określający zawartość
    • txt
    • 2
    • Źródło (terminu i kodu)
    • rdacontent
337 -Typ mediów [ , ]
    • a
    • Tryb odtwarzania
    • Bez urządzenia pośredniczącego
    • b
    • Kod typu mediów
    • n
    • 2
    • Źródło (terminu i kodu)
    • rdamedia
338 -Typ/rodzaj nośnika [ , ]
    • a
    • Hasło opisujące typ nośnika
    • Wolumin
    • b
    • Kod typu nośnika
    • nc
    • 2
    • Źródło (terminu i kodu)
    • rdacarrier
504 -Uwaga dot. bibliogr. załącznikowej [ , ]
    • a
    • Uwaga dot. bibliografii załącznikowej
    • Indeks.
080 -Uniwersalna Klasyfikacja Dziesiętna [ , ]
    • 2
    • Identyfikator wydania tablic
    • UDC-P058
    • 9
    • UKD
    • 3296
    • a
    • Symbol klasyfikacji
    • 339.138
    • b
    • Dopowiedzenie
    • Marketing. Badania marketingowe.
    • 4
    • UKD2
    • 8297
    • x
    • Poddział wspólny
    • (03)
    • c
    • Dopowiedzenie poddz. wspólnego
    • (Encyklopedie. Słowniki encyklopedyczne. Wydawnictwa informacyjne).
650 -Hasło przedmiotowe [ ,7]
    • a
    • Hasło przedmiotowe
    • Marketing
    • v
    • Określnik formalny
    • słowniki.
    • 2
    • Źródło terminu
    • kaba
    • 9
    • KHW
    • 358054
980 -Symbol UKD [ , ]
    • a
    • UKD
    • 339.138(03)
710 -Hasło dodatkowe - nazwa ciała zbiorowego [2, ]
    • a
    • Nazwa ciała zbiorowego lub nazwa geograficzna jako pierwszy element (NP)
    • Wydawnictwo C.H. Beck.
    • 4
    • Kod relacji
    • pbl
    • 9
    • KHW
    • 52679
856 -Dostęp do wersji elektronicznej [4,8]
    • 3
    • Wyszczególnienie materiału
    • Okładka
920 -ISBN [ , ]
    • a
    • ISBN
    • 978-83-255-0196-9 Find
Sygnatura Numer inwentarzowy Status udost. Data inwentaryzacji Lokalizacja
T.11437T.11437-22011-11-02T
 TM.8116-22011-11-02T
 TM.8117-32011-11-02T
 TM.8118-32011-11-02T
 TM.8119-32011-11-02T
TM.11781TM.11781-32014-12-01T
TM.12291TM.12291-32015-03-26T
TM.13032TM.13032-32016-12-12T
TM.15550TM.15550-32021-09-13T